The Simpsons-Character Quiz Level 18 - Statistics

General Stats
  • This quiz has been taken 3 times
  • The average score is 6 of 16
Answer Stats
Picture Answer % Correct
Comic Book Gay
100%
Iggy Wiggum
100%
Laddie
100%
Eddie Muntz
50%
Gabriel
50%
Gerald Samson
50%
Harlan Dondelinger
50%
Sheldon Skinner
50%
State Comptroller Atkins
50%
Birthday Spuckler
0%
Calliope Juniper
0%
Emily Winthrop
0%
Hubert Wong
0%
"Old Tut" Simpson
0%
Paris Texan
0%
Rayshelle Peyton
0%
No matching quizzes found
Score Distribution
Percent of People with Each Score
Percentile by Number Answered
Your Score History
You have not taken this quiz